<?xml version="1.0" encoding="UTF-8"?>
<collection xmlns="http://www.loc.gov/MARC21/slim">
 <record>
  <leader>02017nam a22002537a 4500</leader>
  <controlfield tag="001">NCT_72165</controlfield>
  <controlfield tag="008">191021b        xxu||||| |||| 00| 0 vie d</controlfield>
  <datafield tag="999" ind1=" " ind2=" ">
   <subfield code="c">3512</subfield>
   <subfield code="d">3512</subfield>
  </datafield>
  <datafield tag="020" ind1=" " ind2=" ">
   <subfield code="a">9786047361991</subfield>
   <subfield code="c">258000</subfield>
  </datafield>
  <datafield tag="082" ind1="0" ind2="4">
   <subfield code="2">23rd ed.</subfield>
   <subfield code="a">338.47</subfield>
   <subfield code="b">S203</subfield>
  </datafield>
  <datafield tag="100" ind1="1" ind2=" ">
   <subfield code="a">Võ Văn Sen</subfield>
   <subfield code="e">Đồng chủ biên</subfield>
  </datafield>
  <datafield tag="245" ind1="1" ind2="0">
   <subfield code="a">Xây dựng sản phẩm  du lịch đặc thù Đồng bằng sông Cửu Long : </subfield>
   <subfield code="b">Lý thuyết và thực tiễn </subfield>
   <subfield code="c">Võ Văn Sen, Ngô Thị Phương, Ngô Thanh Loan (đồng chủ biên)</subfield>
  </datafield>
  <datafield tag="260" ind1=" " ind2=" ">
   <subfield code="a">Tp. Hồ Chí Minh</subfield>
   <subfield code="b">Tổng hợp Tp. Hồ Chí Minh</subfield>
   <subfield code="c">2018</subfield>
  </datafield>
  <datafield tag="300" ind1=" " ind2=" ">
   <subfield code="a">486 tr.</subfield>
   <subfield code="c">24cm</subfield>
  </datafield>
  <datafield tag="520" ind1="3" ind2=" ">
   <subfield code="a"> Nội dung cuốn sách xoay quanh những vấn đề nền tảng lý thuyết về du lịch (như du lịch cộng đồng, du lịch sinh thái - nhân văn, du lịch bền vững, thuyết tiếp cận và loại trừ,...) và thực tiễn hoạt động du lịch ở An Giang (như hệ thống các chỉ số, hệ thống điểm, tài nguyên du lịch,...)</subfield>
  </datafield>
  <datafield tag="653" ind1=" " ind2=" ">
   <subfield code="a">Quản trị DV Du lịch và Lữ hành</subfield>
  </datafield>
  <datafield tag="700" ind1="1" ind2=" ">
   <subfield code="a">Ngô Thị Phương</subfield>
   <subfield code="e">Đồng chủ biên</subfield>
  </datafield>
  <datafield tag="700" ind1="1" ind2=" ">
   <subfield code="a">Ngô Thanh Loan</subfield>
   <subfield code="e">Đồng chủ biên</subfield>
  </datafield>
  <datafield tag="942" ind1=" " ind2=" ">
   <subfield code="2">ddc</subfield>
   <subfield code="c">BK</subfield>
  </datafield>
  <datafield tag="952" ind1=" " ind2=" ">
   <subfield code="0">0</subfield>
   <subfield code="1">0</subfield>
   <subfield code="2">ddc</subfield>
   <subfield code="4">0</subfield>
   <subfield code="6">338_470000000000000_S203</subfield>
   <subfield code="7">0</subfield>
   <subfield code="9">18266</subfield>
   <subfield code="a">000001</subfield>
   <subfield code="b">000001</subfield>
   <subfield code="d">2019-10-21</subfield>
   <subfield code="l">2</subfield>
   <subfield code="m">1</subfield>
   <subfield code="o">338.47 S203</subfield>
   <subfield code="p">MD.16148</subfield>
   <subfield code="r">2020-10-23</subfield>
   <subfield code="s">2020-09-24</subfield>
   <subfield code="v">258000.00</subfield>
   <subfield code="w">2019-10-21</subfield>
   <subfield code="y">BK</subfield>
  </datafield>
  <datafield tag="952" ind1=" " ind2=" ">
   <subfield code="0">0</subfield>
   <subfield code="1">0</subfield>
   <subfield code="2">ddc</subfield>
   <subfield code="4">0</subfield>
   <subfield code="6">338_470000000000000_S203</subfield>
   <subfield code="7">0</subfield>
   <subfield code="9">18267</subfield>
   <subfield code="a">000001</subfield>
   <subfield code="b">000001</subfield>
   <subfield code="d">2019-10-21</subfield>
   <subfield code="l">2</subfield>
   <subfield code="m">1</subfield>
   <subfield code="o">338.47 S203</subfield>
   <subfield code="p">MD.16149</subfield>
   <subfield code="r">2021-01-26</subfield>
   <subfield code="s">2021-01-12</subfield>
   <subfield code="v">258000.00</subfield>
   <subfield code="w">2019-10-21</subfield>
   <subfield code="y">BK</subfield>
  </datafield>
  <datafield tag="952" ind1=" " ind2=" ">
   <subfield code="0">0</subfield>
   <subfield code="1">0</subfield>
   <subfield code="2">ddc</subfield>
   <subfield code="4">0</subfield>
   <subfield code="6">338_470000000000000_S203</subfield>
   <subfield code="7">0</subfield>
   <subfield code="9">18268</subfield>
   <subfield code="a">000001</subfield>
   <subfield code="b">000001</subfield>
   <subfield code="d">2019-10-21</subfield>
   <subfield code="o">338.47 S203</subfield>
   <subfield code="p">MD.16150</subfield>
   <subfield code="r">2019-10-21</subfield>
   <subfield code="v">258000.00</subfield>
   <subfield code="w">2019-10-21</subfield>
   <subfield code="y">BK</subfield>
  </datafield>
  <datafield tag="952" ind1=" " ind2=" ">
   <subfield code="0">0</subfield>
   <subfield code="1">0</subfield>
   <subfield code="2">ddc</subfield>
   <subfield code="4">0</subfield>
   <subfield code="6">338_470000000000000_S203</subfield>
   <subfield code="7">0</subfield>
   <subfield code="9">18288</subfield>
   <subfield code="a">000001</subfield>
   <subfield code="b">000001</subfield>
   <subfield code="d">2019-10-22</subfield>
   <subfield code="l">1</subfield>
   <subfield code="o">338.47 S203</subfield>
   <subfield code="p">MD.16151</subfield>
   <subfield code="r">2020-10-09</subfield>
   <subfield code="s">2020-09-21</subfield>
   <subfield code="v">258000.00</subfield>
   <subfield code="w">2019-10-22</subfield>
   <subfield code="y">BK</subfield>
  </datafield>
  <datafield tag="980" ind1=" " ind2=" ">
   <subfield code="a">Thư viện Trường Đại học Nam Cần Thơ</subfield>
  </datafield>
 </record>
</collection>
